000 00865nas a2200289 4500
001 BR7600239
003 BR-BrBNA
005 20231205082858.0
007 ta
008 230509b bl.|||p| |||| 00| 00por d
040 _aBR-BrBNA
_bpor
_cBiblioteca Nacional de Agricultura
041 _a(Pt)
072 _aF60
100 1 _aCastro, P.R.C.
100 1 _aSanguina, A.
100 1 _aVilela, E.
100 1 _aAkiba, F.
100 1 _aSudo, S.
100 1 _aMasuda, Y.
245 1 _aAcao de reguladores de crescimento no desenvolvimento inicial da cana-de-acucar tratada termicamente
650 _aCANA DE ACUCAR
650 _aREGULADOR DE CRESCIMENTO
650 _aTRATAMENTO TERMICO
773 0 _tBrasil Acucareiro (Brazil)
_xISSN 0006-9167
_g(May 1975), v. 85(5) p. 42-50
_wBR7600239
909 _a202311
_bLúcia
_c55
_dLúcia Elande
942 _2AGRIS
_n0
_cANA
999 _c94803
_d94803